The Prefectures of Japan Quiz - Statistics

General Stats
  • This quiz has been taken 146 times
  • The average score is 19 of 47
Answers on the Map
Answers color-coded by a green-red scale on the quiz's map according to % correct below.
 
Answer Stats
Answer % Correct
Hokkaidō
94%
Aomori
79%
Akita
73%
Tōkyō
67%
Chiba
64%
Fukushima
58%
Iwate
55%
Miyagi
55%
Yamagata
55%
Gunma
52%
Ibaraki
52%
Niigata
52%
Saitama
52%
Shizuoka
52%
Kanagawa
48%
Nagano
48%
Gifu
45%
Ishikawa
45%
Yamanashi
45%
Fukui
42%
Toyama
42%
Aichi
39%
Kyōto
39%
Ōsaka
39%
Mie
36%
Shiga
36%
Tochigi
36%
Hiroshima
33%
Hyōgo
33%
Ehime
30%
Nagasaki
30%
Shimane
30%
Tokushima
30%
Wakayama
30%
Fukuoka
27%
Kagawa
27%
Kōchi
27%
Kumamoto
27%
Nara
27%
Yamaguchi
27%
Saga
24%
Tottori
24%
Kagoshima
21%
Okinawa
21%
Miyazaki
18%
Ōita
18%
Okayama
18%
No matching quizzes found
Score Distribution
Percent of People with Each Score
Percentile by Number Answered
Your Score History
You have not taken this quiz